Animorphs: (Record no. 449)

MARC details
000 -LÍDER
campo de controle de tamanho fixo 01494nam a2200325 4500
001 - NÚMERO DE CONTROLE
campo de controle 449
003 - IDENTIFICADOR DO NÚMERO DE CONTROLE
campo de controle OSt
005 - DATA E HORÁRIO DA ÚLTIMA TRANSAÇÃO
campo de controle 20250701145021.0
008 - CAMPO DE DADOS FIXOS--INFORMAÇÃO GERAL
campo de controle de tamanho fixo 250701b |||||||g |||| 00| j eng d
020 ## - ISBN - INTERNATIONAL STANDARD BOOK NUMBER
ISBN - International Standard Book Number 853251250
040 ## - FONTE DA CATALOGAÇÃO
Idioma da catalogação por
041 ## - CÓDIGO DE IDIOMA
Código do idioma do original e/ou traduções intermediárias do texto eng
Código do idioma do texto/trilha sonora ou título diferente por
082 ## - CDD - CLASSIFICAÇÃO DECIMAL DE DEWEY
Número de Classificação 028.5
Número do exemplar A649m
100 1# - ENTRADA PRINCIPAL--NOME PESSOAL
Nome pessoal Applegate, Katherine.
Datas associadas ao nome 1956 -
240 ## - TÍTULO UNIFORME
Título uniforme Animorphs: the message
245 ## - TÍTULO
Título Animorphs:
Restante do título A mensagem /
Indicação de responsabilidade, etc. Applegate, Katherine; Tradução de Cristina Band
260 ## - PUBLICAÇÃO, DISTRIBUIÇÃO, ETC.
Local de publicação, distribuição, etc. Rio de Janeiro
Nome do editor, distribuidor, etc. Rocco
Data da publicação, distribuição, etc. 2001
300 ## - DESCRIÇÃO FÍSICA
Extensão 140 p.
520 ## - NOTA DE RESUMO, ETC.
Resumo, etc. "Tudo começou com aquele sonhos. Mas Cassie não levou muito a sério. Ela e seus amigos sempre tiveram sonhos estanhos desde que aprenderam a morfar em animais. Talvez fosse mesmo algum efeito colateral maluco do poder de transformação. Foi quando Cassie descobriu que Tobias sentia exatamente a mesma coisa. Ele Também sonhava com o mar e convivia com um estranho sentimentoi de que alguém estava chamando, pedindo ajuda. Agora, Cassie Tobias Jake, Rachel e Marco precisavam descobrir se os sonhos eram uma mensagem ou uma armadilha. Se fosse uma armadinha, serio o fim... "<br/>
650 #0 - ASSUNTO--TERMO TÓPICO
Cabeçalho tópico ou nome geográfico Literatura Americana
9 (RLIN) 84
650 #0 - ASSUNTO--TERMO TÓPICO
Cabeçalho tópico ou nome geográfico Invasão alienígena
9 (RLIN) 986
650 #0 - ASSUNTO--TERMO TÓPICO
Cabeçalho tópico ou nome geográfico Adolescentes como heróis
9 (RLIN) 987
650 #0 - ASSUNTO--TERMO TÓPICO
Cabeçalho tópico ou nome geográfico Infantojuvenil
9 (RLIN) 200
650 #0 - ASSUNTO--TERMO TÓPICO
Cabeçalho tópico ou nome geográfico Transformação em animais
9 (RLIN) 988
655 #0 - TERMO DE ÍNDICE--GÊNERO E FORMA
Gênero/forma/ou termo foco Romance
655 #0 - TERMO DE ÍNDICE--GÊNERO E FORMA
Gênero/forma/ou termo foco Ficção
700 ## - ENTRADA ADICIONADA - NOME PESSOAL
Nome pessoal Cristina Band
Função do autor por extenso TRADUTOR
9 (RLIN) 984
830 ## - ENTRADA SECUNDÁRIA DE SÉRIE--TÍTULO UNIFORME
Título uniforme Animorphs
9 (RLIN) 985
Número do volume ou designação sequencial da série vol. 04
942 ## - ELEMENTOS DE ENTRADA ADICIONADOS (KOHA)
Fonte de classificação ou esquema de arquivamento Classificação decimal de Dewey
Ocultar no OPAC Não
Tipo de material Koha Livros
Holdings
Situação do descarte Situação das perdas Fonte de classificação ou esquema de arquivamento Materiais especificados (volume encadernado ou outra parte) Status danificado Não pode ser emprestado Coleção Biblioteca de origem Biblioteca atual Localização na estante Data de aquisição Fonte de aquisição Total de empréstimos Número de chamada completo Código de barras Data de último acesso Data do preço efetivo Tipo de material Koha
    Classificação decimal de Dewey vol. 4     Ficção Biblioteca Professor Eduardo Afonso de Castro Biblioteca Professor Eduardo Afonso de Castro Infanto Juvenil 01.07.2025 doação   IJ 028.5 / A649m 2025-17380 01.07.2025 01.07.2025 Livros

Powered by Koha